<?xml version="1.0" encoding="UTF-8"?>
<record
    xmlns:xsi="http://www.w3.org/2001/XMLSchema-instance"
    xsi:schemaLocation="http://www.loc.gov/MARC21/slim http://www.loc.gov/standards/marcxml/schema/MARC21slim.xsd"
    xmlns="http://www.loc.gov/MARC21/slim">

  <leader>00407nam a22001577a 4500</leader>
  <controlfield tag="003">OSt</controlfield>
  <controlfield tag="005">20160219100424.0</controlfield>
  <controlfield tag="008">160219b        xxu||||| |||| 00| 0 eng d</controlfield>
  <datafield tag="040" ind1=" " ind2=" ">
    <subfield code="c">RUA</subfield>
  </datafield>
  <datafield tag="082" ind1=" " ind2=" ">
    <subfield code="a">MGR SIE 2011 B420 Or.1</subfield>
  </datafield>
  <datafield tag="100" ind1=" " ind2=" ">
    <subfield code="9">7351</subfield>
    <subfield code="a">SIEK DARITH ;</subfield>
  </datafield>
  <datafield tag="245" ind1=" " ind2=" ">
    <subfield code="a">Smallholder cattle production in cambodia ;</subfield>
  </datafield>
  <datafield tag="260" ind1=" " ind2=" ">
    <subfield code="a">Phnom Penh</subfield>
    <subfield code="b">RUA</subfield>
    <subfield code="c">2011</subfield>
  </datafield>
  <datafield tag="300" ind1=" " ind2=" ">
    <subfield code="a">ix ;66p.</subfield>
    <subfield code="b">ill.</subfield>
    <subfield code="c">29cm.</subfield>
  </datafield>
  <datafield tag="942" ind1=" " ind2=" ">
    <subfield code="2">ddc</subfield>
    <subfield code="c">NRM</subfield>
  </datafield>
  <datafield tag="999" ind1=" " ind2=" ">
    <subfield code="c">6928</subfield>
    <subfield code="d">6928</subfield>
  </datafield>
  <datafield tag="952" ind1=" " ind2=" ">
    <subfield code="0">0</subfield>
    <subfield code="1">0</subfield>
    <subfield code="2">ddc</subfield>
    <subfield code="4">0</subfield>
    <subfield code="6">MGR_SIE_2011_000000000000000_B420_OR_1</subfield>
    <subfield code="7">0</subfield>
    <subfield code="9">40227</subfield>
    <subfield code="a">LBB</subfield>
    <subfield code="b">LBB</subfield>
    <subfield code="c">B420</subfield>
    <subfield code="d">2016-02-19</subfield>
    <subfield code="o">MGR SIE 2011 B420 Or.1</subfield>
    <subfield code="p">RUA049680</subfield>
    <subfield code="r">2016-02-19</subfield>
    <subfield code="w">2016-02-19</subfield>
    <subfield code="y">NRM</subfield>
  </datafield>
  <datafield tag="952" ind1=" " ind2=" ">
    <subfield code="0">0</subfield>
    <subfield code="1">0</subfield>
    <subfield code="2">ddc</subfield>
    <subfield code="4">0</subfield>
    <subfield code="6">MGR_SIE_2011_000000000000000_B420_OR_2</subfield>
    <subfield code="7">0</subfield>
    <subfield code="9">40228</subfield>
    <subfield code="a">LBB</subfield>
    <subfield code="b">LBB</subfield>
    <subfield code="c">B420</subfield>
    <subfield code="d">2016-02-19</subfield>
    <subfield code="o">MGR SIE 2011 B420 Or.2</subfield>
    <subfield code="p">RUA049992</subfield>
    <subfield code="r">2016-02-19</subfield>
    <subfield code="w">2016-02-19</subfield>
    <subfield code="y">NRM</subfield>
  </datafield>
  <datafield tag="952" ind1=" " ind2=" ">
    <subfield code="0">0</subfield>
    <subfield code="1">0</subfield>
    <subfield code="2">ddc</subfield>
    <subfield code="4">0</subfield>
    <subfield code="6">MGR_SIE_2011_000000000000000_B420_OR_3</subfield>
    <subfield code="7">0</subfield>
    <subfield code="9">40229</subfield>
    <subfield code="a">LBB</subfield>
    <subfield code="b">LBB</subfield>
    <subfield code="c">B420</subfield>
    <subfield code="d">2016-02-19</subfield>
    <subfield code="o">MGR SIE 2011 B420 Or.3</subfield>
    <subfield code="p">RUA049967</subfield>
    <subfield code="r">2016-02-19</subfield>
    <subfield code="w">2016-02-19</subfield>
    <subfield code="y">NRM</subfield>
  </datafield>
  <datafield tag="952" ind1=" " ind2=" ">
    <subfield code="0">0</subfield>
    <subfield code="1">0</subfield>
    <subfield code="2">ddc</subfield>
    <subfield code="4">0</subfield>
    <subfield code="6">MGR_SIE_2011_000000000000000_B420_OR_4</subfield>
    <subfield code="7">0</subfield>
    <subfield code="9">40230</subfield>
    <subfield code="a">LBB</subfield>
    <subfield code="b">LBB</subfield>
    <subfield code="c">B420</subfield>
    <subfield code="d">2016-02-19</subfield>
    <subfield code="o">MGR SIE 2011 B420 Or.4</subfield>
    <subfield code="p">RUA051763</subfield>
    <subfield code="r">2016-02-19</subfield>
    <subfield code="w">2016-02-19</subfield>
    <subfield code="y">NRM</subfield>
  </datafield>
  <datafield tag="952" ind1=" " ind2=" ">
    <subfield code="0">0</subfield>
    <subfield code="1">0</subfield>
    <subfield code="2">ddc</subfield>
    <subfield code="4">0</subfield>
    <subfield code="6">MGR_SIE_2011_000000000000000_B420_OR_5</subfield>
    <subfield code="7">0</subfield>
    <subfield code="9">40231</subfield>
    <subfield code="a">LBB</subfield>
    <subfield code="b">LBB</subfield>
    <subfield code="c">B420</subfield>
    <subfield code="d">2016-02-19</subfield>
    <subfield code="o">MGR SIE 2011 B420 Or.5</subfield>
    <subfield code="p">RUA051184</subfield>
    <subfield code="r">2016-02-19</subfield>
    <subfield code="w">2016-02-19</subfield>
    <subfield code="y">NRM</subfield>
  </datafield>
  <datafield tag="952" ind1=" " ind2=" ">
    <subfield code="0">0</subfield>
    <subfield code="1">0</subfield>
    <subfield code="2">ddc</subfield>
    <subfield code="4">0</subfield>
    <subfield code="6">MGR_SIE_2011_000000000000000_B420_OR_6</subfield>
    <subfield code="7">0</subfield>
    <subfield code="9">40232</subfield>
    <subfield code="a">LBB</subfield>
    <subfield code="b">LBB</subfield>
    <subfield code="c">B420</subfield>
    <subfield code="d">2016-02-19</subfield>
    <subfield code="o">MGR SIE 2011 B420 Or.6</subfield>
    <subfield code="p">RUA049502</subfield>
    <subfield code="r">2016-02-19</subfield>
    <subfield code="w">2016-02-19</subfield>
    <subfield code="y">NRM</subfield>
  </datafield>
  <datafield tag="952" ind1=" " ind2=" ">
    <subfield code="0">0</subfield>
    <subfield code="1">0</subfield>
    <subfield code="2">ddc</subfield>
    <subfield code="4">0</subfield>
    <subfield code="6">MGR_SIE_2011_000000000000000_B420_OR_7</subfield>
    <subfield code="7">0</subfield>
    <subfield code="9">40233</subfield>
    <subfield code="a">LBB</subfield>
    <subfield code="b">LBB</subfield>
    <subfield code="c">B420</subfield>
    <subfield code="d">2016-02-19</subfield>
    <subfield code="o">MGR SIE 2011 B420 Or.7</subfield>
    <subfield code="p">RUA052223</subfield>
    <subfield code="r">2016-02-19</subfield>
    <subfield code="w">2016-02-19</subfield>
    <subfield code="y">NRM</subfield>
  </datafield>
  <datafield tag="952" ind1=" " ind2=" ">
    <subfield code="0">0</subfield>
    <subfield code="1">0</subfield>
    <subfield code="2">ddc</subfield>
    <subfield code="4">0</subfield>
    <subfield code="6">MGR_SIE_2011_000000000000000_B420_OR_8</subfield>
    <subfield code="7">0</subfield>
    <subfield code="9">40234</subfield>
    <subfield code="a">LBB</subfield>
    <subfield code="b">LBB</subfield>
    <subfield code="c">B420</subfield>
    <subfield code="d">2016-02-19</subfield>
    <subfield code="o">MGR SIE 2011 B420 Or.8</subfield>
    <subfield code="p">RUA051572</subfield>
    <subfield code="r">2016-02-19</subfield>
    <subfield code="w">2016-02-19</subfield>
    <subfield code="y">NRM</subfield>
  </datafield>
</record>
